|
|
|
|
| LEADER |
00000nam a2200000 a 4500 |
| 001 |
72115 |
| 005 |
20230308190103.0 |
| 008 |
000000|1946 ||||||||r|||||||||||spa|| |
| 040 |
|
|
|b spa
|
| 041 |
1 |
|
|a spa
|
| 082 |
0 |
|
|a 691
|
| 100 |
1 |
|
|a Orús Asso, Félix
|9 37797
|
| 245 |
|
|
|a Materiales de construcción: pétreos, vegetales y metálicos
|c Félix Orús Asso
|h imp
|
| 264 |
|
|
|a Madrid
|b Dossat
|c 1946
|
| 300 |
|
|
|a 338 páginas:
|b ilu
|c 21 cm
|
| 500 |
|
|
|a Mutilado: sin páginas desde 1 al 46
|
| 504 |
|
|
|a incl. ref.
|
| 650 |
|
0 |
|a Materiales de construcción
|9 19598
|
| 852 |
|
|
|a UC-CDJBV
|c ESTANTERIA CERRADA
|f Compra
|k mariana.quezada
|l 1
|m General
|p 00000000
|q 80,00
|r 2
|t 72115
|b 0
|d CDRC
|e CDRC
|g 691 ESTANTERIA CERRADA
|z 0000-00-00
|
| 942 |
|
|
|c BK
|
| 999 |
|
|
|c 71667
|d 71667
|